000 00924nam a22002657a 4500
001 BR0704723
003 BR-BrBNA
005 20230928102527.0
007 ta
008 230509b bl.||||| |||| 00| 0 por d
040 _aBR-BrBNA
_bpor
_cBiblioteca Nacional de Agricultura
041 _a(Por)
072 _aL51
_b3755
090 _ 3755 BR0704723
100 1 _aDecker, J.S.
110 1 _aSecretaria da Agricultura, Indústria e Comércio do Estado de São Paulo, São Paulo (Brasil). Diretoria de Publicação Agrícola
_98459
245 1 _aAs vitaminas; sua importancia na alimentação dos animais domésticos
260 3 _aSão Paulo, SP (Brasil):
_c1945.
300 _a20 p.
500 _aReprint of "Boletim de Agricultura" Single no. 1943; Documento microfilmado e tratado BR6005139, BR7316358
650 _aVITAMINA
650 _aNUTRIÇÃO ANIMAL
909 _a202309
_bLucia
_c55
_dLucia Elande
942 _cBK
999 _c71216
_d71216